Fundamentals of Computers (Record no. 23215)

MARC details
000 -LEADER
fixed length control field 00392nam a22001697a 4500
003 - CONTROL NUMBER IDENTIFIER
control field OSt
005 - DATE AND TIME OF LATEST TRANSACTION
control field 20211221151000.0
008 - FIXED-LENGTH DATA ELEMENTS--GENERAL INFORMATION
fixed length control field 211221b |||||||| |||| 00| 0 eng d
020 ## - INTERNATIONAL STANDARD BOOK NUMBER
International Standard Book Number 81-203-2581-8
040 ## - CATALOGING SOURCE
Transcribing agency HU
082 ## - DEWEY DECIMAL CLASSIFICATION NUMBER
Edition number 4ed
Classification number 004
Item number 6
100 ## - MAIN ENTRY--PERSONAL NAME
Personal name RAJARAMAN V.
9 (RLIN) 23894
245 ## - TITLE STATEMENT
Title Fundamentals of Computers
260 ## - PUBLICATION, DISTRIBUTION, ETC.
Place of publication, distribution, etc. India
Name of publisher, distributor, etc. New Delhi
300 ## - PHYSICAL DESCRIPTION
Type of unit 407
942 ## - ADDED ENTRY ELEMENTS (KOHA)
Source of classification or shelving scheme Dewey Decimal Classification
Koha item type Books like text book referance book
Suppress in OPAC No

No items available.